Algunas nociones sobre fonética

Enregistré dans:
Détails bibliographiques
Auteur principal: Pardo, Gualterio (autor)
Format: Livre
Langue:espagnol
Publié: Buenos Aires Ricordi Americana 1977
Sujets:
Tags: Ajouter un tag
Pas de tags, Soyez le premier à ajouter un tag!

MARC

LEADER 00000nam a2200000 a 4500
001 UCN2691
003 CL-VaPUC
008 010531e19770000AG |||||||||||||||||spa|d
082 0 4 |a 783.048  |b PAR  |2 21 
100 |a Pardo, Gualterio  |e autor  |9 458808 
245 1 0 |a Algunas nociones sobre fonética 
300 |a 22 p 
942 |c BK 
945 |d 20010531 00:00:00  |a crobeson 
260 |a Buenos Aires  |b Ricordi Americana  |c 1977 
650 0 |a Voz  |9 318102 
650 0 |a Fonética  |9 308371 
650 0 |a Fonación   |9 335779 
650 0 |a Respiración   |9 343794 
650 0 |a Música vocal   |9 306287 
650 0 |a Técnicas de ejecución  |9 323937 
583 |a last modification  |c 20010531 00:00:00  |k Rodrigo Vera 
999 |c 295746  |d 295744 
952 |0 0  |1 0  |4 0  |6 783_048000000000000_PAR_1977  |7 0  |8 A  |9 349078  |a BIBEDU  |b BIBEDU  |d 2019-11-20  |i 1185373  |o 783.048 PAR 1977  |p 1185373  |r 2023-01-12  |w 2019-11-20  |y BK  |k MUS